Адаптивные методы оптимизации; Технологии Microsoft в теории и практике программирования

গ্রন্থ-পঞ্জীর বিবরন
Parent link:Технологии Microsoft в теории и практике программирования.— 2015.— [С. 156-158]
প্রধান লেখক: Нефедова А. А.
সংস্থা লেখক: Национальный исследовательский Томский политехнический университет (ТПУ) Институт кибернетики (ИК) Кафедра информатики и проектирования систем (ИПС)
অন্যান্য লেখক: Рейзлин В. И. Валерий Израилевич (научный руководитель)
সংক্ষিপ্ত:Заглавие с титульного листа.
Types of adaptation, such as parametrical adaptation and structured adaptation are described in this article. Parametrical adaptation and random search algorithms in optimization problems are described more in detail.
ভাষা:রুশ
প্রকাশিত: 2015
মালা:Информационно-телекоммуникационные технологии
বিষয়গুলি:
অনলাইন ব্যবহার করুন:http://earchive.tpu.ru/handle/11683/23848
http://www.lib.tpu.ru/fulltext/c/2015/C28/069.pdf
বিন্যাস: বৈদ্যুতিক গ্রন্থের অধ্যায়
KOHA link:https://koha.lib.tpu.ru/cgi-bin/koha/opac-detail.pl?biblionumber=614577

MARC

LEADER 00000naa2a2200000 4500
001 614577
005 20231101132820.0
035 |a (RuTPU)RU\TPU\conf\12747 
035 |a RU\TPU\conf\12746 
090 |a 614577 
100 |a 20151002d2015 k y0rusy50 ca 
101 0 |a rus  |d eng 
102 |a RU 
105 |a y z 100zy 
135 |a drgn ---uucaa 
181 0 |a i  
182 0 |a b 
200 1 |a Адаптивные методы оптимизации  |f А. А. Нефедова, В. И. Рейзлин  |g науч. рук. В. И. Рейзлин 
203 |a Текст  |c электронный 
225 1 |a Информационно-телекоммуникационные технологии 
230 |a 1 компьютерный файл (pdf; 173 Кб) 
300 |a Заглавие с титульного листа. 
320 |a [Библиогр.: с. 158 (3 назв.)] 
330 |a Types of adaptation, such as parametrical adaptation and structured adaptation are described in this article. Parametrical adaptation and random search algorithms in optimization problems are described more in detail. 
337 |a Adobe Reader 
463 1 |0 (RuTPU)RU\TPU\conf\19196  |t Технологии Microsoft в теории и практике программирования  |o сборник трудов XII Всероссийской научно-практической конференции студентов, аспирантов и молодых ученых, г.Томск, 25-26 марта 2015 г.  |f Национальный исследовательский Томский политехнический университет (ТПУ), Институт кибернетики ; ред. кол. А. В. Лиепиньш [и др.]  |v [С. 156-158]  |d 2015 
610 1 |a электронный ресурс 
610 1 |a труды учёных ТПУ 
610 1 |a адаптивные методы 
610 1 |a параметрическая адаптация 
610 1 |a структурная адаптация 
610 1 |a случайный поиск 
700 1 |a Нефедова  |b А. А. 
701 1 |a Рейзлин  |b В. И.  |c специалист в области автоматического управления  |c доцент Томского политехнического университета, кандидат физико-математических наук  |f 1948-  |g Валерий Израилевич  |2 stltpush  |3 (RuTPU)RU\TPU\pers\25409 
702 1 |a Рейзлин  |b В. И.  |c специалист в области автоматического управления  |c доцент Томского политехнического университета, кандидат физико-математических наук  |f 1948-  |g Валерий Израилевич  |2 stltpush  |4 727 
712 0 2 |a Национальный исследовательский Томский политехнический университет (ТПУ)  |b Институт кибернетики (ИК)  |b Кафедра информатики и проектирования систем (ИПС)  |h 124  |2 stltpush  |3 (RuTPU)RU\TPU\col\18697 
801 2 |a RU  |b 63413507  |c 20210205  |g RCR 
856 4 |u http://earchive.tpu.ru/handle/11683/23848 
856 4 |u http://www.lib.tpu.ru/fulltext/c/2015/C28/069.pdf 
942 |c BK